000 00571nam a2200145 a 4500
001 000031331
005 20200930062845.0
008 110620s1948 dr 000 0 spa d
040 _aDO-SdBNP
_bspa
_cBNPHU
082 _axxxx
_bP438n
100 1 _aPérez Sánchez, Eliseo
_957777
245 1 0 _aNuevo capítulo para la historia eclesiástica de la Arquidiocesis de Santo Domingo. :
_b(un siglo de seminario) 1848-1948 /
_cmons. Eliseo Pérez Sánchez.
260 _aSanto Domingo :
_bImprenta San Francisco de Papelera Industria Dominicana,
_c1948.
300 _a25 p. ;
_c22 cm.
999 _c30823
_d30823